000 00790nam a22002297a 4500
005 20131030113713.0
010 _aB-495498-504
020 _a9789350249260
_c650.00
035 _aB-495498-504
037 _bHPH/Ven
_adpl
082 _a921
245 _aMaulana Abul Kalam Azad /
_cedited by B.D. Usmani, M.A. Shewan [and] Anil Saxena
260 _aMumbai
_bHimalaya Publishing House
_c2011
270 _aRamdoot Dr. Bhalerao Marg, Girgaon
_bMumbai
_e400004
300 _a338p.
_c20cm(Hb)
500 _aincludes index and bibliographical references
700 _aUsmani, B.D.
710 _aShewan, M.A.
710 _aSaxena, Anil
942 _2ddc
_cEN
_mMAU
_h921
999 _c79592
_d79592